मटके वाली कुल्फी/ (Record no. 198713)
[ view plain ]
| 000 -LEADER | |
|---|---|
| fixed length control field | 00963nam a22001937a 4500 |
| 005 - DATE AND TIME OF LATEST TRANSACTION | |
| control field | 20231005163832.0 |
| 010 ## - LCCN (DPL NO) | |
| LC control number | B-755698 CHHN 23.8.23 |
| 020 ## - INTERNATIONAL STANDARD BOOK NUMBER | |
| International Standard Book Number | 9789392325007 |
| Terms of availability | 350.00 |
| 035 ## - SYSTEM CONTROL NUMBER | |
| System control number | B-755698 |
| 037 ## - SOURCE OF ACQUISITION | |
| Stock number | अनुराग प्रकाशन |
| 082 ## - DEWEY DECIMAL CLASSIFICATION NUMBER | |
| Classification number | क |
| 100 ## - MAIN ENTRY--PERSONAL NAME | |
| Personal name | वर्मा,पवन कुमार |
| 245 ## - TITLE STATEMENT | |
| Title | मटके वाली कुल्फी/ |
| Statement of responsibility, etc | पवन कुमार वर्मा |
| 260 ## - PUBLICATION, DISTRIBUTION, ETC. (IMPRINT) | |
| Place of publication, distribution, etc | नई दिल्ली |
| Name of publisher, distributor, etc | अनुराग प्रकाशन |
| Date of publication, distribution, etc | 2021 |
| 270 ## - ADDRESS | |
| Address | 4760-61, द्वितीय तल 23, अंसारी रोड , दरियागंज |
| City | नई दिल्ली |
| Postal code | 110002 |
| 300 ## - PHYSICAL DESCRIPTION | |
| Extent | 104पृ.: |
| Other physical details | सचित्र |
| Dimensions | 22सेमी(साज्लिद) |
| 942 ## - ADDED ENTRY ELEMENTS (KOHA) | |
| Source of classification or shelving scheme | Dewey Decimal Classification |
| Item type | Children Books |
| Classification part | क |
| Call number suffix | वर्माप |
| Withdrawn status | Lost status | Not for loan | Collection code | Home library | Current library | Date acquired | Source of acquisition | Cost, normal purchase price | Full call number | Barcode | Copy number | Cost, replacement price | Koha item type |
|---|---|---|---|---|---|---|---|---|---|---|---|---|---|
| Fiction | Patel Nagar | Patel Nagar | 05/10/2023 | उपहार/23.8.23 | 350.00 | क वर्माप | B-755698 | 1 | 350.00 | Children Books |
